000 00762nam a2200241 i 4500
001 110526
003 ES-MaACL
005 20230906185056.0
007 t|
008 070126s1975 fr ||||1| fre d
080 _a782(44)
100 1 _aLa Laurencie, Lionel de.
_969163
245 1 4 _aLes créateurs de l'opéra français /
_cpar Lionel de Laurencie.
260 _aParis :
_bEditions d'Aujourd'hui,
_c[1975]
300 _a215 p. ;
_c19 cm.
490 1 _aLes introuvables
500 _aBiblioteca Jacinto Martínez Lacalle.
500 _aReimpresión de la ed. de 1930 publicada por F. Alcan, Paris.
650 4 _aÓpera-
_zFrancia.
_915710
830 0 _aLes introuvables
_9192585
852 _aES-MaACL
_jE-11575
_bR.139599
999 _c110526
_d110526